000 00944nam a2200277 a 4500
001 000010741
005 20200929162302.0
008 091009s2002 pr 000 p spa d
020 _a1881715906
040 _aDO-SdBNP
_bspa
_cBNPHU
041 1 7 _aeng
_2spa
082 _aPR861
_bP433p
100 1 _aPerdomo, Willie
_925952
245 1 0 _aPostcards of el barrio /
_cWillie Perdomo ; traducción Mayra Santos Febres y Rafael Franco ; Corrección José María Seibó.
260 _aSan Juan, Puerto Rico :
_bIsla Negra,
_c2002.
300 _a107 p. ;
_c22 cm.
490 1 _aFilo de Fuego
500 _aIncluye datos biográficos del autor en la solapa.
650 4 _aPoesía puertorriqueña
_91015
650 4 _aLiteratura puertorriqueña
_9250
700 1 _aSantos Febres, Mayra,
_etr.
_925953
700 1 _aFranco, Rafael,
_etr.
_925954
700 1 _aSeibó, José María,
_ecorr.
_97821
830 0 _aFilo de Fuego
_97107
049 _aBNPH
999 _c10496
_d10496